000 00805nam a2200229Ii 4500
003 JO-AjNU
008 230605s9999||||xx |||||||||||||| ||und||
017 _a2006/12/3299
020 _a9957-454-25-0
040 _aJO-AjNU
_bara
_erda
_cJO-AjNU
041 _aara
050 1 4 _aLB3051.M3482 2007
100 3 _aمجيد،سوسن شاكر,
_eauthor
_928512
245 0 0 _aأسس بناء الإختبارات والمقاييس النفسية والتربوية
250 _aط1
264 3 1 _aعمان:مركز ديبونو لتعليم التفكير،2007
300 _a412ص
336 _atext
_btxt
_2rdacontent
337 _aunmediated
_bn
_2rdamedia
338 _avolume
_bnc
_2rdacarrier
650 4 _aالإختبارات التربوية-علم النفس التربوي-التعلم
_928513
999 _aA11068
_c14636
_d14636